000 002320000a22000970004500
100 1 _aVillarreal, Agustín
245 1 0 _aCómo reincorporárlos
300 _aNum. 28, (1999), Páginas 22-23
773 0 _tContinente nuevo
942 _cANA
999 _c53368
_d53368